| 000 | 00377nam a22001457a 4500 | ||
|---|---|---|---|
| 005 | 20170721100641.0 | ||
| 008 | 170721b xxu||||| |||| 00| 0 eng d | ||
| 022 | _a17294193 | ||
| 040 | _cPK-LaUMT | ||
| 082 |
_aZIAC 297.05 _bISL- |
||
| 245 | _aIslamiyat al Marifah/ | ||
| 260 |
_aبیروت: _bالمعھد العالمی للفکر، _c1981 |
||
| 300 | _a254 ص | ||
| 942 | _cBK | ||
| 999 |
_c95456 _d95456 |
||